[Event "Geraardsbergen op 34th"]
[Site "Geraardsbergen"]
[Date "2018.08.14"]
[Round "7"]
[White "Claesen, Pieter"]
[Black "Van Amerongen, Arjen"]
[Result "1-0"]
[WhiteElo "2305"]
[BlackElo "2030"]
[PlyCount "81"]
[EventDate "2018.08.11"]
[EventType "swiss"]
[EventRounds "9"]
[EventCountry "BEL"]
[SourceTitle "CBM 186 Extra"]
[Source "ChessBase"]
[SourceDate "2018.08.24"]
[SourceVersion "1"]
[SourceVersionDate "2018.08.24"]
[SourceQuality "1"]

1. c4 g6 2. Nc3 Bg7 3. g3 d6 4. Bg2 e5 5. e3 f5 6. Nge2 Nf6 7. d3 0-0 8. 0-0 c6 9. Rb1 a5 10. b3 Nh5 11. f4 exf4 12. exf4 Re8 13. Qd2 Nf6 14. Bf3 Na6 15. Kg2 Be6 16. Re1 Bf7 17. Bb2 Nc5 18. Na4 Nxa4 19. bxa4 Qc7 20. Bc3 d5 21. Qb2 Nh5 22. Bxg7 Nxg7 23. cxd5 Bxd5 24. Bxd5+ cxd5 25. Nd4 Rxe1 26. Rxe1 Qd7 27. Nf3 Re8 28. Rxe8+ Nxe8 29. Qd4 Qd6 30. Ne5 Nf6 31. Qa7 Qc7 32. Kh3 Kg7 33. Qd4 h5 34. Nf3 Qc6 35. Qe5 Qd7 36. Ng5 b6 37. a3 Qe8 38. Qc7+ Kh6 39. Nf7+ Kg7 40. Ne5+ Kh6 41. Qxb6 1-0

[Event "BEL-chT 1718"]
[Site "Belgium"]
[Date "2018.04.22"]
[Round "10.3"]
[White "Kevlishvili, Robby"]
[Black "Claesen, Pieter"]
[Result "1/2-1/2"]
[WhiteElo "2450"]
[BlackElo "2318"]
[PlyCount "92"]
[EventDate "2017.09.24"]
[EventType "team-tourn"]
[EventRounds "11"]
[EventCountry "BEL"]
[SourceTitle "EXT 2019"]
[Source "ChessBase"]
[SourceDate "2018.10.10"]
[SourceVersion "1"]
[SourceVersionDate "2018.10.10"]
[SourceQuality "1"]
[WhiteTeam "Wachtebeke"]
[BlackTeam "Fontaine"]
[WhiteTeamCountry "BEL"]
[BlackTeamCountry "BEL"]

1. e4 e6 2. d4 d5 3. Nd2 Be7 4. Ngf3 Nf6 5. e5 Nfd7 6. Bd3 c5 7. c3 Nc6 8. 0-0 g5 9. dxc5 g4 10. Nd4 Ncxe5 11. Bb5 a6 12. Bxd7+ Bxd7 13. f4 gxf3 14. N2xf3 Ng6 15. b4 f6 16. Qc2 e5 17. Nf5 Bxf5 18. Qxf5 Qd7 19. Qc2 0-0 20. Bh6 Rf7 21. Rad1 Bf8 22. Bc1 Rd8 23. Rf2 Qg4 24. Qb3 Rfd7 25. Rdf1 Bg7 26. Ne1 Qc4 27. Qxc4 dxc4 28. Re2 Rd1 29. Nc2 f5 30. Ne3 Rxf1+ 31. Kxf1 Bh6 32. Rc2 Bxe3 33. Bxe3 Kf7 34. a4 Rd3 35. Ke2 f4 36. Bf2 e4 37. b5 axb5 38. axb5 e3 39. Be1 Rd5 40. c6 Rxb5 41. cxb7 Rxb7 42. g3 Re7 43. Ra2 Kf6 44. gxf4 Nxf4+ 45. Kf3 Ng6 46. Bg3 h5 1/2-1/2

[Event "BEL-ch"]
[Site "Niel"]
[Date "2017.07.07"]
[Round "7"]
[White "Geirnaert, Steven"]
[Black "Claesen, Pieter"]
[Result "1/2-1/2"]
[WhiteElo "2460"]
[BlackElo "2321"]
[PlyCount "92"]
[EventDate "2017.07.01"]
[EventType "tourn"]
[EventRounds "9"]
[EventCountry "BEL"]
[EventCategory "5"]
[SourceTitle "EXT 2018"]
[Source "ChessBase"]
[SourceDate "2017.10.13"]
[SourceVersion "1"]
[SourceVersionDate "2017.10.13"]
[SourceQuality "1"]

1. d4 d5 2. c4 c6 3. Nc3 Nf6 4. cxd5 cxd5 5. Bf4 Qb6 6. e3 Bf5 7. Rc1 Nc6 8. f3 Qxb2 9. g4 Bg6 10. h4 h6 11. Rh2 Qb4 12. a3 Qxa3 13. Ra2 Qb4 14. Kf2 e6 15. Nb5 Be7 16. Nc7+ Kd7 17. Nxa8 Rxa8 18. Qe2 Ke8 19. h5 Bh7 20. Rb2 Qa3 21. Qb5 Rd8 22. Kg3 Bd6 23. Bxd6 Qxd6+ 24. Kg2 Rd7 25. Qa4 Ke7 26. Bb5 Rc7 27. Ne2 g6 28. Bxc6 bxc6 29. Rbc2 gxh5 30. Rxc6 Rxc6 31. Rxc6 Qb8 32. Qa3+ Kd7 33. Ra6 Ne8 34. Qa4+ Ke7 35. Rxa7+ Kf6 36. gxh5 Nd6 37. Qa2 Nf5 38. Ra8 Nh4+ 39. Kh1 Qb4 40. Ng1 Qe1 41. Qh2 Nxf3 42. Qf4+ Kg7 43. Kg2 Qxg1+ 44. Kxf3 Qf1+ 45. Kg3 Qg1+ 46. Kf3 Qf1+ 1/2-1/2

[Event "BEL-ch"]
[Site "Niel"]
[Date "2017.07.01"]
[Round "1"]
[White "Sterck, Arno"]
[Black "Claesen, Pieter"]
[Result "1/2-1/2"]
[WhiteElo "2168"]
[BlackElo "2321"]
[PlyCount "50"]
[EventDate "2017.07.01"]
[EventType "tourn"]
[EventRounds "9"]
[EventCountry "BEL"]
[EventCategory "5"]
[SourceTitle "EXT 2018"]
[Source "ChessBase"]
[SourceDate "2017.10.13"]
[SourceVersion "1"]
[SourceVersionDate "2017.10.13"]
[SourceQuality "1"]

1. e4 e6 2. d4 d5 3. Nc3 h6 4. Bd3 Nc6 5. Nf3 Nb4 6. Be2 Nf6 7. e5 Ne4 8. a3 Nxc3 9. bxc3 Nc6 10. c4 dxc4 11. Bxc4 Na5 12. Bd3 c5 13. c3 Bd7 14. Qe2 Nb3 15. Rb1 Nxc1 16. Rxc1 cxd4 17. 0-0 Bxa3 18. Ra1 Bc5 19. cxd4 Bb6 20. Rac1 Rc8 21. Qe4 Bc6 22. Qg4 0-0 23. Rxc6 Rxc6 24. Qe4 g6 25. h4 Rc3 1/2-1/2

[Event "BEL-chT 1617"]
[Site "Belgium"]
[Date "2017.04.30"]
[Round "11.3"]
[White "Claesen, Pieter"]
[Black "Pruijssers, Roeland"]
[Result "0-1"]
[WhiteElo "2311"]
[BlackElo "2490"]
[PlyCount "122"]
[EventDate "2016.10.02"]
[EventType "team-tourn"]
[EventRounds "11"]
[EventCountry "BEL"]
[SourceTitle "EXT 2018"]
[Source "ChessBase"]
[SourceDate "2017.10.13"]
[SourceVersion "1"]
[SourceVersionDate "2017.10.13"]
[SourceQuality "1"]
[WhiteTeam "Fontaine"]
[BlackTeam "Amay"]
[WhiteTeamCountry "BEL"]
[BlackTeamCountry "BEL"]

1. d4 f5 2. Nc3 Nf6 3. Bg5 d5 4. f3 c5 5. e4 Nc6 6. Bb5 a6 7. Bxc6+ bxc6 8. Nge2 e6 9. exf5 exf5 10. 0-0 Be7 11. Na4 cxd4 12. Qxd4 0-0 13. Rfe1 h6 14. Bd2 Rb8 15. a3 Nd7 16. Bc3 Rf7 17. Nf4 Nf8 18. Kh1 Rb5 19. b4 Bd6 20. Nc5 Qc7 21. Ncd3 a5 22. Re2 Rb8 23. Rae1 Ba6 24. Re8 Rxe8 25. Rxe8 Bxd3 26. Nxd3 axb4 27. axb4 Re7 28. Rxe7 Qxe7 29. g3 Ne6 30. Qe3 Kh7 31. Qb6 Ng5 32. Qf2 Qe6 33. h4 Nf7 34. Kg2 Qg6 35. f4 Qe6 36. Qd4 Qe2+ 37. Nf2 Bf8 38. Qd3 Qe6 39. g4 Nd6 40. Be5 Ne4 41. gxf5 Qxf5 42. Kf3 Qh5+ 43. Ke3 Qxh4 44. Nxe4 Qe1+ 45. Kf3 dxe4+ 46. Qxe4+ Qxe4+ 47. Kxe4 Bxb4 48. f5 Kg8 49. Kf4 Be7 50. Kg4 Kf7 51. Kh5 Bf6 52. Bc7 Bc3 53. Bd8 Ke8 54. Bb6 Ke7 55. Kg6 Kd6 56. Bd8 c5 57. Bh4 c4 58. Bd8 Kd5 59. Be7 Ke4 60. Bd8 Kf4 61. Be7 Kg4 0-1

[Event "BEL-chT 1516"]
[Site "Belgium"]
[Date "2015.11.08"]
[Round "3.6"]
[White "Piceu, Tom"]
[Black "Claesen, Pieter"]
[Result "1/2-1/2"]
[WhiteElo "2312"]
[BlackElo "2325"]
[PlyCount "44"]
[EventDate "2015.09.27"]
[EventType "team-tourn"]
[EventRounds "11"]
[EventCountry "BEL"]
[SourceTitle "EXT 2017"]
[Source "ChessBase"]
[SourceDate "2016.10.25"]
[SourceVersion "1"]
[SourceVersionDate "2016.10.25"]
[SourceQuality "1"]
[WhiteTeam "KBSK Brugge"]
[BlackTeam "Fontaine"]
[WhiteTeamCountry "BEL"]
[BlackTeamCountry "BEL"]

1. d4 d5 2. Nf3 Nf6 3. e3 Bg4 4. c4 c6 5. Qb3 Qb6 6. Ne5 Bf5 7. c5 Qc7 8. Nc3 Nbd7 9. f4 Nxe5 10. fxe5 Ne4 11. Be2 e6 12. 0-0 Be7 13. Nxe4 Bxe4 14. Bd3 Bxd3 15. Qxd3 f6 16. exf6 Bxf6 17. Bd2 0-0 18. Be1 Rae8 19. Bg3 Qd7 20. Rf2 Be7 21. Raf1 Rxf2 22. Rxf2 Rf8 1/2-1/2

[Event "BEL-chT 1415"]
[Site "Belgium"]
[Date "2015.02.08"]
[Round "8.4"]
[White "Claesen, Pieter"]
[Black "De Haan, Eric"]
[Result "0-1"]
[WhiteElo "2327"]
[BlackElo "2274"]
[PlyCount "76"]
[EventDate "2014.09.28"]
[EventType "team-swiss"]
[EventRounds "11"]
[EventCountry "BEL"]
[SourceTitle "EXT 2016"]
[Source "ChessBase"]
[SourceDate "2015.10.08"]
[SourceVersion "1"]
[SourceVersionDate "2015.10.08"]
[SourceQuality "1"]
[WhiteTeam "Fontaine"]
[BlackTeam "Borgerhout"]
[WhiteTeamCountry "BEL"]
[BlackTeamCountry "BEL"]

1. c4 g6 2. Nc3 Bg7 3. g3 c5 4. a3 Nc6 5. Rb1 a5 6. Bg2 e5 7. d3 Nge7 8. Bg5 f6 9. Bd2 d6 10. Nd5 Nxd5 11. Bxd5 Ne7 12. Bg2 a4 13. e3 0-0 14. Ne2 d5 15. Nc3 dxc4 16. dxc4 Bf5 17. e4 Be6 18. Nxa4 Bxc4 19. Rc1 Bf7 20. 0-0 Rxa4 21. Qxa4 Qxd2 22. Qb5 Nc6 23. Rxc5 Nd4 24. Qxb7 h5 25. h4 g5 26. hxg5 Qxg5 27. Rc8 h4 28. Rxf8+ Bxf8 29. Qb6 hxg3 30. fxg3 Be7 31. Kf2 Qd2+ 32. Kg1 Ne2+ 33. Kh2 Qh6+ 34. Bh3 Nd4 35. Kg2 Qe3 36. Qb7 Bg6 37. Bf5 Bxf5 38. exf5 Ne2 0-1

[Event "BEL-chT 1415"]
[Site "Belgium"]
[Date "2014.09.28"]
[Round "1.5"]
[White "Claesen, Pieter"]
[Black "Decoster, Frederic"]
[Result "1/2-1/2"]
[WhiteElo "2327"]
[BlackElo "2298"]
[PlyCount "86"]
[EventDate "2014.09.28"]
[EventType "team-swiss"]
[EventRounds "11"]
[EventCountry "BEL"]
[SourceTitle "CBM 162 Extra"]
[Source "ChessBase"]
[SourceDate "2014.10.17"]
[SourceVersion "1"]
[SourceVersionDate "2014.10.17"]
[SourceQuality "1"]
[WhiteTeam "Fontaine"]
[BlackTeam "KBSK Brugge"]
[WhiteTeamCountry "BEL"]
[BlackTeamCountry "BEL"]

1. e4 c5 2. c4 Nc6 3. Nc3 e6 4. g3 g6 5. Bg2 Bg7 6. Nge2 Nge7 7. d3 0-0 8. Be3 Nd4 9. Qd2 Rb8 10. 0-0 d6 11. Rab1 a5 12. Bxd4 cxd4 13. Nb5 Nc6 14. f4 d5 15. exd5 exd5 16. cxd5 Nb4 17. a3 Nxd5 18. Nbxd4 Qb6 19. Bxd5 Bxd4+ 20. Kg2 Be3 21. Qc2 Bf5 22. Rbd1 Rfd8 23. Nc3 Be6 24. Bxe6 Qxe6 25. Qe2 Qb6 26. Rfe1 Bd4 27. Rb1 Bxc3 28. bxc3 Qc6+ 29. Qf3 Qxc3 30. Red1 Qxa3 31. Rxb7 Rxb7 32. Qxb7 Qa2+ 33. Kg1 Qe2 34. Qb3 h5 35. f5 gxf5 36. Rf1 Rxd3 37. Qb8+ Kg7 38. Qf4 Rd2 39. Qg5+ Kf8 40. Qh6+ Kg8 41. Qg5+ Kf8 42. Qh6+ Ke8 43. Qc6+ Kf8 1/2-1/2

[Event "BEL-chT 1314"]
[Site "Belgium"]
[Date "2013.12.15"]
[Round "6.2"]
[White "Ducarmon, Quinten"]
[Black "Claesen, Pieter"]
[Result "1-0"]
[WhiteElo "2451"]
[BlackElo "2342"]
[PlyCount "47"]
[EventDate "2013.09.22"]
[EventType "team-tourn"]
[EventRounds "11"]
[EventCountry "BEL"]
[SourceTitle "EXT 2015"]
[Source "ChessBase"]
[SourceDate "2014.11.20"]
[SourceVersion "1"]
[SourceVersionDate "2014.11.20"]
[SourceQuality "1"]
[WhiteTeam "KGSRL"]
[BlackTeam "Fontaine"]
[WhiteTeamCountry "BEL"]
[BlackTeamCountry "BEL"]

1. e4 e6 2. d4 d5 3. Nd2 Nf6 4. e5 Nfd7 5. Bd3 c5 6. c3 Nc6 7. Ngf3 Qb6 8. 0-0 g6 9. dxc5 Qc7 10. c4 Ncxe5 11. Nxe5 Nxe5 12. Nf3 Nxd3 13. Qxd3 Qxc5 14. cxd5 Bg7 15. Be3 Qxd5 16. Qa3 Qb5 17. Rfd1 Bd7 18. Rac1 Bxb2 19. Qd6 Bxc1 20. Bc5 0-0-0 21. Bxa7 Bf4 22. Qxf4 e5 23. Nxe5 Bc6 24. Nd7 1-0

[Event "BEL-chT 1314"]
[Site "Belgium"]
[Date "2013.11.17"]
[Round "4.6"]
[White "Broekmeulen, Jasper"]
[Black "Claesen, Pieter"]
[Result "0-1"]
[WhiteElo "2439"]
[BlackElo "2342"]
[PlyCount "86"]
[EventDate "2013.09.22"]
[EventType "team-tourn"]
[EventRounds "11"]
[EventCountry "BEL"]
[SourceTitle "EXT 2015"]
[Source "ChessBase"]
[SourceDate "2014.11.20"]
[SourceVersion "1"]
[SourceVersionDate "2014.11.20"]
[SourceQuality "1"]
[WhiteTeam "Amay"]
[BlackTeam "Fontaine"]
[WhiteTeamCountry "BEL"]
[BlackTeamCountry "BEL"]

1. e4 e6 2. d3 d5 3. Nd2 Nf6 4. Ngf3 Nc6 5. c3 e5 6. b4 Bd6 7. Bb2 0-0 8. g3 Ne7 9. Bg2 c6 10. 0-0 Ng6 11. a3 a5 12. Qb3 dxe4 13. dxe4 b5 14. c4 Qe7 15. c5 Bc7 16. Rad1 h6 17. Bc3 Be6 18. Qb2 axb4 19. axb4 Ra2 20. Qb1 Rfa8 21. Ne1 Bg4 22. f3 Be6 23. Nc2 Nd7 24. Kh1 Qg5 25. Nb3 Qe7 26. Nc1 R2a4 27. Ne3 Ra3 28. Qc2 Qg5 29. Nf5 Ndf8 30. h4 Qf6 31. f4 Bxf5 32. exf5 Ne7 33. Be4 Nd5 34. Bxd5 cxd5 35. Kh2 d4 36. Bb2 Re3 37. Nd3 e4 38. Nf2 Bxf4 39. Nxe4 Bxg3+ 40. Kg1 Qxh4 41. Rxd4 Be5 42. Qg2 Ra2 43. Rf4 Re1+ 0-1